Indicadores pronósticos para la atención integral al paciente con lupus eritematoso sistémico
Se realizó un estudio de la identificación de indicadores pronósticos que permitan mejorar la atención integral al paciente con lupus eritematoso sistémico.
Guardat en:
| Autor principal: | |
|---|---|
| Autor corporatiu: | |
| Format: | eBook |
| Idioma: | espanyol |
| Publicat: |
La Habana :
Editorial Universitaria,
2012.
|
| Matèries: | |
| Accés en línia: | https://elibro.unach.elogim.com/es/lc/unach/titulos/90321 |
| Etiquetes: |
Afegir etiqueta
Sense etiquetes, Sigues el primer a etiquetar aquest registre!
|
MARC
| LEADER | 00000nam a2200000 a 4500 | ||
|---|---|---|---|
| 001 | ELB90321 | ||
| 003 | FlNmELB | ||
| 006 | m o d | | ||
| 007 | cr cn||||||||| | ||
| 008 | 201201r2012 cu |||||s|||||||||||spa d | ||
| 035 | |a (MiAaPQ)EBC3198796 | ||
| 035 | |a (Au-PeEL)EBL3198796 | ||
| 035 | |a (CaPaEBR)ebr10559887 | ||
| 035 | |a (OCoLC)929353027 | ||
| 040 | |a FlNmELB |b spa |c FlNmELB | ||
| 050 | 4 | |a R735 |b E829 2012 | |
| 080 | |a 61 | ||
| 082 | 0 | 4 | |a 610.7 |2 22 |
| 100 | 1 | |a Estévez del Toro, Miguel Hernán. | |
| 245 | 1 | 0 | |a Indicadores pronósticos para la atención integral al paciente con lupus eritematoso sistémico |h [recurso electronico] |c Miguel Hernám Estévez del Toro. |
| 260 | |a La Habana : |b Editorial Universitaria, |c 2012. | ||
| 300 | |a 152 pp. | ||
| 500 | |a Tesis (Doctorado) - Instituto Superior de Ciencias Médicas de La Habana. | ||
| 520 | |a Se realizó un estudio de la identificación de indicadores pronósticos que permitan mejorar la atención integral al paciente con lupus eritematoso sistémico. | ||
| 533 | |a Recurso electrónico. Santa Fe, Arg.: e-libro, 2015. Disponible vía World Wide Web. El acceso puede estar limitado para las bibliotecas afiliadas a e-libro. | ||
| 650 | 4 | |a Medicina. |x Investigaciones. | |
| 650 | 4 | |a Medical. |x Research. | |
| 650 | 4 | |a Educación. |x Métodos y materiales de enseñanza. |x General. | |
| 650 | 4 | |a Education. |x Teaching methods and materials. |x General. | |
| 655 | 4 | |a Libros electrónicos. | |
| 710 | 2 | |a e-libro, Corp. | |
| 856 | 4 | 0 | |u https://elibro.unach.elogim.com/es/lc/unach/titulos/90321 |